000 00299nam a22001457a 4500
008 231101b ||||| |||| 00| 0 eng d
020 _a9781476726298
041 _aeng
080 _a61
082 _a61REI
100 _a4
101 _aMJP
245 _aONE DOCTOR
_cREILLY .B
942 _2udc
_cBK
999 _c60478
_d60478